Statistics for Norwegian Prime Ministers after WWII

Click here to take the quiz!

General Stats

  • This quiz has been taken 130 times
    (111 since last reset)
  • The average score is 10 of 15

Answer Stats

PartyYear(s)Name% Correct
H2013-Erna Solberg
97%
AP2000-2001, 2005-2013Jens Stoltenberg
96%
AP1981, 1986-1989, 1990-1996Gro Harlem Brundtland
87%
H1981-1986Kåre Willoch
82%
AP1945-1951, 1955-1963, 1963-1965Einar Gerhardsen
79%
KrF1997-2000, 2001-2005Kjell Magne Bondevik
79%
AP1996-1997Thorbjørn Jagland
65%
H1989-1990Jan P. Syse
62%
SP1965-1971Per Borten
58%
AP1945Johan Nygaardsvold
55%
AP1971-1972, 1973-1976Trygve Bratteli
54%
AP1976-1981Odvar Nordli
48%
AP1951-1955Oscar Torp
48%
H1963John Lyng
45%
KrF1972-1973Lars Korvald
41%

Score Distribution

Percentile by Number Answered

Percent of People with Each Score

Your Score History

You have not taken this quiz since the last reset